000 00548nam a2200169Ia 4500
999 _c21545
_d21545
003 OSt
005 20200623151739.0
008 190216s9999||||xx |||||||||||||| ||und||
020 _a9780195695304
040 _coclc
082 _a954.0359
_bPRA/T
100 _aPrasad, Bimal
_93144
245 0 _aTowards Freedom :
_bDocuments On the Movement for Independence in India 1945 /
_cBimal Prasad
260 _bOxford University Press,
_c2008.
_aNew Delhi:
300 _a1081p
942 _cBK
_2ddc
_h954.0359
_iPRA/T
_k954.0359
_mPRA/T